书目信息 |
| 题名: |
鸭绿江河口沉积研究
|
|
| 作者: | 刘月 , 程岩 著 | |
| 分册: | ||
| 出版信息: | 北京 中国纺织出版社有限公司 2021.02 |
|
| 页数: | 243页 | |
| 开本: | 24cm | |
| 丛书名: | ||
| 单 册: | ||
| 中图分类: | TV148 | |
| 科图分类: | ||
| 主题词: | ||
| 电子资源: | ||
| ISBN: | 978-7-5180-6877-7 | |
| 000 | 00989nam0 2200253 450 | |
| 001 | 011025153041 | |
| 005 | 20221025153041.0 | |
| 010 | @a978-7-5180-6877-7@dCNY65.00 | |
| 099 | @aCAL 012021052241 | |
| 100 | @a20201004d2021 em y0chiy50 ea | |
| 101 | 0 | @achi |
| 102 | @aCN@b110000 | |
| 105 | @aak a 000yy | |
| 106 | @ar | |
| 200 | 1 | @a鸭绿江河口沉积研究@Aya lv jiang he kou chen ji yan jiu@f刘月, 程岩著 |
| 210 | @a北京@c中国纺织出版社有限公司@d2021.02 | |
| 215 | @a243页@c图@d24cm | |
| 320 | @a有书目 (第220-243页) | |
| 330 | @a本书采用地球化学的分析方法、水文资料分析方法结合沉积动力分析,在放射性的基础上,系统阐述了鸭绿江河口的粒度特征及其沉积环境变化、碎屑矿物的沉积特征和环境解译、常量元素的沉积特征和来源分析、稀土元素的沉积特征与物源指示、重金属的沉积特征、背景值与生态风险评价等内容。 | |
| 607 | @a鸭绿江@Aya lv jiang@x河口淤积@x研究 | |
| 690 | @aTV148@v5 | |
| 701 | 0 | @a刘月@Aliu yue@4著 |
| 701 | 0 | @a程岩@Acheng yan@4著 |
| 905 | @a河南城建学院图书馆@dTV148@eL711 | |
| 鸭绿江河口沉积研究/刘月, 程岩著.-北京:中国纺织出版社有限公司,2021.02 |
| 243页:图;24cm |
| ISBN 978-7-5180-6877-7:CNY65.00 |
| 本书采用地球化学的分析方法、水文资料分析方法结合沉积动力分析,在放射性的基础上,系统阐述了鸭绿江河口的粒度特征及其沉积环境变化、碎屑矿物的沉积特征和环境解译、常量元素的沉积特征和来源分析、稀土元素的沉积特征与物源指示、重金属的沉积特征、背景值与生态风险评价等内容。 |
| ● |
| 相关链接 |
|
|
|
正题名:鸭绿江河口沉积研究
索取号:TV148/L711
 
预约/预借
| 序号 | 登录号 | 条形码 | 馆藏地/架位号 | 状态 | 备注 |
| 1 | 1586475 | 215864759 | 自科库501/501自科库 47排5列4层/ [索取号:TV148/L711] | 在馆 | |
| 2 | 1586476 | 215864768 | 自科库501/501自科库 47排5列4层/ [索取号:TV148/L711] | 在馆 |